00956cam a2200301 450000100060000000300080000600500170001400800390003103500190007003500190008904000380010804100080014608200240015410000270017824500880020526000360029330000260032949000330035565000220038865000220041065100350043265100380046770000400050570000310054570000410057683000080061783000290062526207BD-RjUL20211209051003.0140320s1956 ii 000 0 eng a(DLC) 57001442 a(BD-RjUL)26277 aDLCcMAdDLCdUkOxUdBD-RjULbeng aeng0 a915.4bWHU 1956223 aWheller, James Talboys00aEuropean travellers in India /cby James Talboys Wheller [sic] & Michael MacMillan. aCalcutta :bSusil Gupta,c1956. a118, [2] p. ;c23 cm.1 aIndia: past and present ;v1 0aEuropeanszIndia. 0aTravelerszIndia. 0aIndiaxDescription and travel. 0aIndiaxDiscovery and exploration.1 aWheeler, James Talboys,d1824-1897.1 aMacMillan, Michael,d1853-1 aBroecke, Pieter van den,d1585-1640. 0vv.1 0aIndia : past and present